Rok nad posolstvom

Bibliographic Details
Main Author: Korec, Ján Chryzostom, 1924-2015 (Author)
Format: Book
Language:Slovak
PhysicalDescription:487 s. 18 cm
Published: Bratislava Lúč 2007
ISBN:9788071146445
Edition:1. vyd.
Series:Knižnica viery
Subjects:

MARC

LEADER 00000nam a2200000 a 4500
001 vtls009290697
003 SK-MaSNL
005 20260302080143.0
008 251029s2007 xo f 000 0 slo
015 |a SNBA2008/05-02403 
020 |a 9788071146445  |q (viaz.) 
040 |a SNK  |b slo  |c SNK  |e AACR2 
041 0 |a slo 
044 |a xo  |c SK 
072 7 |a 27-5  |x Kresťanské umenie a symbolika. Duchovný život  |2 konspekt 
080 |a 27-58-1  |2 2001 
080 |a 27-584  |2 2001 
080 |a (035)  |2 2001 
100 1 |a Korec, Ján Chryzostom,  |d 1924-2015  |4 aut  |9 203576 
245 1 0 |a Rok nad posolstvom  |c Ján Chryzostom Korec 
250 |a 1. vyd. 
260 |a Bratislava  |b Lúč  |c 2007 
300 |a 487 s.  |c 18 cm 
490 1 |a Knižnica viery  |v 31. 
650 0 7 |a spirituálna teológia  |2 SNKPH  |9 34628 
650 0 7 |a duchovný život  |2 SNKPH  |9 1807 
655 7 |a príručky  |2 SNKPH  |9 74364 
830 0 |a Knižnica viery  |9 277914 
919 |a 978-80-7114-644-5 
958 |a NT 
968 |d 2 
999 |c 1172011  |d 1173941 
952 |a SNK  |b SNK  |y PREZ  |7 0  |p 17A0587166  |o snkSD 77353  |i snk2008/9607  |8 0  |0 0  |1 0  |4 0  |d 2008-04-29  |l 0  |r 2025-11-25 00:00:00  |w 2026-02-24 
952 |a SNK  |b SNK  |y VYP  |7 0  |p 17A0587167  |o snkSD 77353 D1  |i snk2008/9608  |8 0  |0 0  |1 0  |4 0  |d 2008-04-29  |l 0  |r 2017-06-30 00:00:00  |w 2026-02-24